000 00988nam a2200229Ia 4500
003 Ost
005 20260507075036.0
008 260507s9999||||xx |||||||||||||| ||und||
020 _ax725902977
040 _cfsecg
041 _aara
082 _a330
100 _aأبوعلفة، عصام الدين أمين
_eمؤلف
245 0 _aالتسويق :
_bالمفاهيم والإستراتجيات النظرية والتطبيق(متقدم) /
_c عصام الدين أمين أبوعلفة
260 _aالإسكندرية:
_bمؤسسة حورس الدولية للنشر والتوزيع,
_c2002
300 _a612 صفحة؛
_bإيضاحات ؛
_c24 سم
520 _aبحوث التسويق وإدارة مؤسسات التوزيع، إستراتجيات وإدارة عناصر المزيج الترويجي، التسويق الدولي
653 _aأدارة المبيعات
653 _aالتسويق
653 _aالتسويق الدولي
942 _cكتاب
999 _c42457
_d42457